000 00739nam a22001937a 4500
005 20230905172026.0
010 _aHIN-125826
020 _c250.00
035 _aHN-98172
037 _bDBAD/PUB
082 _a821
100 _aजैन,देवेन्द्र
_955987
245 _aअविनश्वर का चुम्बन /
_bदेवेन्द्र जैन
260 _aमध्य प्रदेश
_bआदिनाथ प्रिंटर्स
_c2021
270 _a355 अरिहंत विहार कालोनी
_bविदिशा
_e464001
300 _a108पृ.
_c23 सेमी.(सजिल्द)
710 _955954
942 _2ddc
_cHN
_mजैनदे
_h821
999 _c197868
_d197868